Catálogo

Vista normal Vista MARC

Entrada Personal Name

Número de registros utilizados en: 1

001 - CONTROL NUMBER

  • control field: 6104

003 - CONTROL NUMBER IDENTIFIER

  • control field: OSt

005 - DATE AND TIME OF LATEST TRANSACTION

  • control field: 20200716160404.0

008 - FIXED-LENGTH DATA ELEMENTS

  • fixed length control field: 960117n| acannaabn |n aaa c

010 ## - LIBRARY OF CONGRESS CONTROL NUMBER

  • LC control number: 96002315

035 ## - SYSTEM CONTROL NUMBER

  • System control number: (OCoLC)oca03988229

040 ## - CATALOGING SOURCE

  • Original cataloging agency: NmU
  • Language of cataloging: spa
  • Description conventions: rda
  • Transcribing agency: NmU
  • Modifying agency: OCoLC
  • Modifying agency: Mx-PuUPA

046 ## - SPECIAL CODED DATES

  • Birth date: 1970

053 #0 - LC CLASSIFICATION NUMBER

  • Classification number element--single number or beginning number of span: PQ8550.12.A375

100 1# - HEADING--PERSONAL NAME

  • Personal name: Báez, Fernando,
  • Dates associated with a name: 1970

372 ## - FIELD OF ACTIVITY

  • Field of activity: Historia

374 ## - OCCUPATION

  • Occupation: Autor

375 ## - GENDER

  • Gender: hombre

377 ## - ASSOCIATED LANGUAGE

  • Language code: spa
  • Source of code: MARC Code List for Lenguajes

670 ## - SOURCE DATA FOUND

  • Source citation: Alejado, 1993:
  • Information found: t.p. (Fernando Báez) p. 4 of cover (b. San Félix, Bolívar [Venezuela], 1970)
  • Uniform Resource Identifier: https://goo.gl/3ttbAq

670 ## - SOURCE DATA FOUND

  • Source citation: Historia universal de la destrucción de los libros, 2004:
  • Information found: portada (Fernando Báez)